Loading...
Thought - Philosophy | 0 | 4 | 1 | 1 | 35 | 73 | 100.00 | 0 | 1 |
Beliefs - Religion | 0 | 3 | 0 | 2 | 30 | 103 | 113.33 | 0 | 0 |
Literature - World Lit | 0 | 2 | 0 | 1 | 20 | 94 | 99.50 | 0 | 0 |
Beliefs - Mythology | 0 | 1 | 0 | 0 | 10 | 129 | 129.00 | 0 | 0 |
History - Other History | 0 | 1 | 0 | 0 | 10 | 109 | 109.00 | 0 | 1 |
History - World History | 0 | 1 | 0 | 0 | 10 | 81 | 81.00 | 0 | 1 |
Other - Other Academic | 0 | 1 | 0 | 1 | 10 | 138 | 138.00 | 0 | 0 |
Science - Chemistry | 0 | 1 | 0 | 1 | 10 | 120 | 120.00 | 0 | 0 |
Science - Other Science | 0 | 1 | 0 | 1 | 10 | 128 | 128.00 | 0 | 0 |
Arts - Other Arts | 0 | 1 | 0 | 1 | 10 | 127 | 127.00 | 0 | 0 |
Other - Geo/CE | 0 | 1 | 0 | 1 | 10 | 106 | 106.00 | 0 | 0 |
Science - Physics | 0 | 1 | 1 | 1 | 5 | 131 | 131.00 | 0 | 0 |
Literature - Euro Lit | 0 | 0 | 0 | 0 | 0 | 0.00 | 0 | 0 | |
History - Euro History | 0 | 0 | 1 | 0 | -5 | 0.00 | 0 | 0 |